| 000 | 00374pab a2200145 454500 | ||
|---|---|---|---|
| 008 | 180718b1986 xxu||||| |||| 00| 0 eng d | ||
| 100 | _aRamakrishna Reddy | ||
| 245 | _aRural banking but, how to make it effective (a case study) | ||
| 260 | _c1986 | ||
| 300 | _a14-15,22 | ||
| 362 | _a1 Jan. | ||
| 650 | _aBanks - India - Andhra Pradesh | ||
| 773 | _aYojana | ||
| 909 | _a4372 | ||
| 999 |
_c4372 _d4372 |
||